1570 1409 1432 1875 1133 1792 1365 1729 1767 1691 1503 1757 1997 1464 1915 1541 1225 1463 1387 1833 1172 1273 1684 1706 1439 1963 1648 1334 1406 1961 1527 1805 1452 1411 1606 1359 1868 1317 1635 1002 1419 1016 1686 1712 1149 1411 1174 1429 1484 1465 1083 1870 1456 1502 1209 1166 1471 1696 1533 1247 1080 1358 1875 1881 1627 1449 1169 1661 1506 1718 1668 1344 1065 1295 1448 1281 1200 1783 1426 1434 1008 1764 1202 1804 1588 1424 1405 1394 1809 1070 1231 1784 1990 1507 1229 1470 1826 1417 1658 BCNSPRNW ULIB Ver.6.0+V

เปลี่ยนเป็นภาษาไทย

Change to English
 แสดงรายละเอียดบรรณานุกรม
  กลับหน้าหลัก

Brief Record : Get Marc (ISO 2709) : E-mail record : QR code < ปิดหน้าต่าง
LEADER : 00000nam 2200000uu 4500
001    13399128451
003     ULIB
008    230829s2559||||th 000 0 tha d
020    ^a9786164135444
060 04 ^aWY150^bก451
245 00 ^aการดูแลแผลหลักฐานเชิงประจักษ์ และประสบการณ์จากผู้เชี่ยวชาญ =^bWound care for nursing : evidence base to practice /^cบรรณาธิการ จุฬาพร ประสังสิต, กาญจนา รุ่งแสงจันทร์, ยุวรัตน์ ม่วงเงิน
246 31 ^aWound care for nursing : evidence base to practice
250    ^aพิมพ์ครั้งที่ 1
260    ^aกรุงเทพฯ : ^bพี.เอ.ลีฟวิ่ง,^c2559
300    ^aIX, 346 หน้า :^bภาพประกอบ
504    ^aบรรณานุกรมท้ายเรื่อง
504    ^aดัชนีท้ายเล่ม
590    ^aGift-T-62
650  7 ^aบาดแผลและบาดเจ็บ^xการพยาบาล
650  7 ^aผู้ป่วย^xบาดแผลและบาดเจ็บ
700 0  ^aจุฬาพร ประสังสิต,^eบรรณาธิการ
700 0  ^aกาญจนา รุ่งแสงจันทร์,^eบรรณาธิการ
700 0  ^aยุวรัตน์ ม่วงเงิน,^eบรรณาธิการ
945    ^p550^l0^i29654
945    ^p550^l0^i29655
999    ^aกัณชพร จุลอักษร
รายการนี้ยังไม่มีแท็ก
คุณยังไม่ได้ล็อกอิน คุณสามารถมีกิจกรรมร่วมกับเว็บไซต์ได้ แต่ต้องล็อกอินก่อน ::
  ล็อกอิน

รายการสื่อสารสนเทศ

ลำดับที่ ประเภท เลขเรียก/บาร์โค้ด สถานที่ สถานะ
1. หนังสือสำรอง
หนังสือสำรอง
WY150 ก451 ฉ.1 
  Barcode: 29654
ห้องสมุดวิทยาเขตนครสวรรค์
►หนังสือทั่วไป:l:General Books
บนชั้น
2. วิทยาศาสตร์การแพทย์ และสุขภาพ
วิทยาศาสตร์การแพทย์ และสุขภาพ
WY150 ก451 ฉ.2 
  Barcode: 29655
ห้องสมุดวิทยาเขตนครสวรรค์
►หนังสือทั่วไป:l:General Books
บนชั้น

BibComment


ยังไม่เคยถูกคอมเมนท์

คอมเมนท์ทรัพยากรรายการนี้
  คอมเมนท์: การดูแลแผลหลักฐา..


 Copyright 2026. Bcnsprnw @Library